<?xml version="1.0" encoding="UTF-8"?>
<record
    xmlns:xsi="http://www.w3.org/2001/XMLSchema-instance"
    xsi:schemaLocation="http://www.loc.gov/MARC21/slim http://www.loc.gov/standards/marcxml/schema/MARC21slim.xsd"
    xmlns="http://www.loc.gov/MARC21/slim">

  <leader>00689nam a2200193 a 4500</leader>
  <controlfield tag="008">060316s1973    ||||||||||||||||| ||    u</controlfield>
  <datafield tag="020" ind1=" " ind2=" ">
    <subfield code="a">0091141303</subfield>
  </datafield>
  <datafield tag="050" ind1=" " ind2=" ">
    <subfield code="a">SB 950.95 Cor</subfield>
  </datafield>
  <datafield tag="100" ind1=" " ind2=" ">
    <subfield code="a">Cornwell, P. B</subfield>
  </datafield>
  <datafield tag="245" ind1="1" ind2="0">
    <subfield code="a">Pest control in buildings: a guide to the meaning of terms</subfield>
  </datafield>
  <datafield tag="260" ind1=" " ind2=" ">
    <subfield code="a">London,</subfield>
    <subfield code="b">Hutchinson</subfield>
    <subfield code="c">1973</subfield>
  </datafield>
  <datafield tag="300" ind1=" " ind2=" ">
    <subfield code="a">192, [41] p. illus.</subfield>
  </datafield>
  <datafield tag="350" ind1=" " ind2=" ">
    <subfield code="a">0.00</subfield>
  </datafield>
  <datafield tag="490" ind1=" " ind2=" ">
    <subfield code="a">The Rentokil library</subfield>
  </datafield>
  <datafield tag="650" ind1=" " ind2=" ">
    <subfield code="a">PESTS--DICTIONARIES</subfield>
  </datafield>
  <datafield tag="650" ind1=" " ind2=" ">
    <subfield code="a">BUILDINGS--PEST CONTROL--DICTIONARIES</subfield>
  </datafield>
  <datafield tag="650" ind1=" " ind2=" ">
    <subfield code="a">BUILDINGS--PROTECTION--DICTIONARIES</subfield>
  </datafield>
  <datafield tag="995" ind1=" " ind2=" ">
    <subfield code="D">0.00</subfield>
    <subfield code="F">CBU-MAIN LIBRARY (Kitwe)</subfield>
    <subfield code="H">1</subfield>
    <subfield code="I">5.00</subfield>
    <subfield code="M">1</subfield>
    <subfield code="U">REFERENCE</subfield>
    <subfield code="Z">Reference Collection</subfield>
  </datafield>
  <datafield tag="999" ind1=" " ind2=" ">
    <subfield code="c">53439</subfield>
    <subfield code="d">53439</subfield>
  </datafield>
  <datafield tag="952" ind1=" " ind2=" ">
    <subfield code="0">0</subfield>
    <subfield code="1">0</subfield>
    <subfield code="2">lcc</subfield>
    <subfield code="4">0</subfield>
    <subfield code="7">0</subfield>
    <subfield code="a">001</subfield>
    <subfield code="b">001</subfield>
    <subfield code="c">Reference Collection</subfield>
    <subfield code="d">2022-11-30</subfield>
    <subfield code="l">0</subfield>
    <subfield code="o">SB 950.95 Cor</subfield>
    <subfield code="p">023183</subfield>
    <subfield code="r">2022-11-30</subfield>
    <subfield code="w">2022-11-30</subfield>
    <subfield code="y">002</subfield>
  </datafield>
</record>
